[Event "PokerStars Masters 2nd"]
[Site "Douglas"]
[Date "2015.10.07"]
[Round "5.14"]
[White "L'Ami, Erwin"]
[Black "Williams, Simon Kim"]
[Result "1/2-1/2"]
[WhiteElo "2619"]
[BlackElo "2429"]
[PlyCount "150"]
[EventDate "2015.10.03"]
[EventType "swiss"]
[EventRounds "9"]
[EventCountry "IOM"]
[SourceTitle "twic1065-1099"]
[Source "Mark Crowther"]
[SourceDate "2015.12.04"]
[SourceVersion "1"]
[SourceVersionDate "2015.12.04"]
[SourceQuality "1"]

1. d4 Nf6 2. Nf3 e6 3. c4 c5 4. Nc3 d5 5. cxd5 cxd4 6. Qxd4 exd5 7. e4 dxe4 8.
Qxd8+ Kxd8 9. Ng5 Be6 10. Nxe6+ fxe6 11. Bc4 Ke7 12. O-O Nbd7 13. Re1 Rc8 14.
Bb3 Nc5 15. Be3 Nxb3 16. axb3 a6 17. Ra4 Kf7 18. Nxe4 Nxe4 19. Rxe4 Be7 20.
Rf4+ Bf6 21. g4 h6 22. h4 g5 23. Rf3 Kg7 24. Bd2 Rhe8 25. hxg5 hxg5 26. Bc3
Bxc3 27. bxc3 Rcd8 28. Kg2 Kg6 29. Re2 a5 30. Re5 b6 31. Rfe3 Kf6 32. Rb5 Rd6
33. Rh3 Rg8 34. Rh6+ Rg6 35. Rh7 Rc6 36. Rb7 Rxc3 37. R7xb6 Rc2 38. Rxa5 Re2
39. Rf5+ Ke7 40. Rb7+ Kd6 41. Rf8 Re4 42. Kg3 Re1 43. Rd8+ Ke5 44. Rb5+ Kf6 45.
Kg2 Re4 46. Kf3 Re1 47. Rh8 Kg7 48. Rh3 Rg1 49. Rg3 Re1 50. Kg2 Re4 51. Rc5 Kf6
52. Ra5 Rg8 53. Rf3+ Kg6 54. Ra4 Re1 55. Rc4 Rb8 56. Rd3 Rb6 57. Rc5 Re4 58. f3
Re1 59. Kg3 Rg1+ 60. Kf2 Rb1 61. Rd8 R6xb3 62. Rg8+ Kf6 63. Rcxg5 R3b2+ 64. Kg3
Rg1+ 65. Kf4 Rb4+ 66. Ke3 Rb3+ 67. Kf2 Rbb1 68. R8g6+ Kf7 69. Rh6 Rgf1+ 70. Ke2
Rbe1+ 71. Kd2 Rd1+ 72. Ke3 Rde1+ 73. Kf4 e5+ 74. Rxe5 Rxe5 75. Kxe5 Rxf3
1/2-1/2

[Event "PokerStars Masters 2nd"]
[Site "Douglas"]
[Date "2015.10.07"]
[Round "5.15"]
[White "Van Foreest, Jorden"]
[Black "Paehtz, Elisabeth"]
[Result "1/2-1/2"]
[WhiteElo "2548"]
[BlackElo "2447"]
[PlyCount "139"]
[EventDate "2015.10.03"]
[EventType "swiss"]
[EventRounds "9"]
[EventCountry "IOM"]
[SourceTitle "twic1065-1099"]
[Source "Mark Crowther"]
[SourceDate "2015.12.04"]
[SourceVersion "1"]
[SourceVersionDate "2015.12.04"]
[SourceQuality "1"]

1. e4 e6 2. d4 d5 3. Nd2 c5 4. Ngf3 Nc6 5. exd5 exd5 6. dxc5 Bxc5 7. Nb3 Bb6 8.
Bd3 Qe7+ 9. Qe2 Qxe2+ 10. Kxe2 Nf6 11. Be3 Bxe3 12. Kxe3 O-O 13. Rhe1 Re8+ 14.
Kf4 Be6 15. Nfd4 h6 16. h4 Bd7 17. Nxc6 bxc6 18. Nc5 Rab8 19. b3 Kf8 20. a3
Nh5+ 21. Kf3 Nf6 22. b4 Be6 23. Kf4 Rbd8 24. Ba6 Nd7 25. Nb3 Rb8 26. Re3 Rb6
27. Bf1 Rc8 28. Rae1 c5 29. Rc3 c4 30. Nd4 Nf6 31. f3 Nh5+ 32. Ke3 Bd7 33. Rd1
Re8+ 34. Kf2 a5 35. bxa5 Ra6 36. Nb3 Be6 37. Re3 Ra7 38. Nc5 Nf6 39. a6 Rc7 40.
Nxe6+ fxe6 41. Rb1 Nd7 42. g3 Ra7 43. Rb7 Rxb7 44. axb7 Nc5 45. f4 Nxb7 46. Re5
Kf7 47. Ke3 Nd8 48. Kd2 Nc6 49. Re3 h5 50. c3 g6 51. Re1 Na5 52. Kc2 Nb3 53.
Bh3 Kf6 54. Re5 Nc5 55. Bf1 Rc8 56. Be2 Nd7 57. Re3 Nc5 58. Re5 Rc7 59. g4 hxg4
60. Bxg4 Ra7 61. h5 gxh5 62. Rxh5 Rxa3 63. f5 exf5 64. Rxf5+ Kg7 65. Rxd5 Ne4
66. Rd4 Rxc3+ 67. Kb2 Rb3+ 68. Kc2 Rc3+ 69. Kb2 Rb3+ 70. Kc2 1/2-1/2

[Event "PokerStars Masters 2nd"]
[Site "Douglas"]
[Date "2015.10.07"]
[Round "5.16"]
[White "Pert, Richard G"]
[Black "Rambaldi, Francesco"]
[Result "0-1"]
[WhiteElo "2450"]
[BlackElo "2547"]
[PlyCount "116"]
[EventDate "2015.10.03"]
[EventType "swiss"]
[EventRounds "9"]
[EventCountry "IOM"]
[SourceTitle "twic1065-1099"]
[Source "Mark Crowther"]
[SourceDate "2015.12.04"]
[SourceVersion "1"]
[SourceVersionDate "2015.12.04"]
[SourceQuality "1"]

1. d4 d6 2. g3 g6 3. Bg2 Bg7 4. Nc3 Nf6 5. Nf3 Nbd7 6. O-O O-O 7. a4 a5 8. Bf4
Nh5 9. Be3 Nhf6 10. Bf4 c6 11. e4 Qc7 12. e5 Nh5 13. Bg5 dxe5 14. Bxe7 Re8 15.
d5 Qb6 16. d6 Bf8 17. Bxf8 Nxf8 18. Ng5 h6 19. Nge4 f5 20. g4 fxg4 21. Kh1 Kg7
22. f3 Nf4 23. fxg4 Bd7 24. g5 hxg5 25. Nxg5 N8e6 26. Nxe6+ Rxe6 27. Bf3 c5 28.
Ne4 Bc6 29. Qe1 Rd8 30. Ng5 Ree8 31. Ne4 Bxe4 32. Bxe4 Rxd6 33. Ra3 Qb4 34. Rb3
Qxe1 35. Rxb7+ Kf6 36. Rxe1 Rh8 37. Kg1 Nh3+ 38. Kg2 Rd2+ 39. Kf3 Ng5+ 40. Ke3
Nxe4 41. Kxe4 Rd4+ 42. Kf3 Rxh2 43. c3 Rxa4 44. Rb5 Rc4 45. Ke3 Rh3+ 46. Kd2 a4
47. Rb6+ Kf5 48. Rb8 Rf4 49. Re2 e4 50. Rb5 Rd3+ 51. Ke1 Rd5 52. Ra5 g5 53.
Rxa4 g4 54. Ra8 g3 55. Rg2 Rf3 56. Ke2 Rdd3 57. Ra1 Kg4 58. b4 Rxc3 0-1

[Event "PokerStars Masters 2nd"]
[Site "Douglas"]
[Date "2015.10.07"]
[Round "5.17"]
[White "Basso, Pier Luigi"]
[Black "Boruchovsky, Avital"]
[Result "0-1"]
[WhiteElo "2428"]
[BlackElo "2536"]
[PlyCount "80"]
[EventDate "2015.10.03"]
[EventType "swiss"]
[EventRounds "9"]
[EventCountry "IOM"]
[SourceTitle "twic1065-1099"]
[Source "Mark Crowther"]
[SourceDate "2015.12.04"]
[SourceVersion "1"]
[SourceVersionDate "2015.12.04"]
[SourceQuality "1"]

1. d4 Nf6 2. c4 g6 3. Nc3 d5 4. Bf4 Bg7 5. e3 O-O 6. Rc1 Be6 7. cxd5 Nxd5 8.
Nxd5 Qxd5 9. b3 Nd7 10. Bxc7 Rac8 11. Ne2 Rxc7 12. Rxc7 Qa5+ 13. Rc3 Nf6 14. b4
Qxb4 15. Qc1 Bxa2 16. Qa3 Nd5 17. Qxb4 Nxb4 18. Kd2 Bd5 19. f4 Rd8 20. Rg1 e6
21. g4 a5 22. Ra3 Bf8 23. Nc3 Nc2 24. Rxa5 Bb4 25. Rb5 Rc8 26. Rxb4 Nxb4 27.
Bg2 Bxg2 28. Rxg2 Nc6 29. g5 Kg7 30. Rg1 Na5 31. Kd3 Nc4 32. Nb5 Nb2+ 33. Kd2
Nc4+ 34. Kd3 Nb2+ 35. Ke4 Nc4 36. Rg2 Nb6 37. Ra2 Nd5 38. Ra3 Rc6 39. Ke5 Ra6
40. e4 Nb6 0-1

[Event "PokerStars Masters 2nd"]
[Site "Douglas"]
[Date "2015.10.07"]
[Round "5.18"]
[White "Houska, Jovanka"]
[Black "Illingworth, Max"]
[Result "1-0"]
[WhiteElo "2372"]
[BlackElo "2517"]
[PlyCount "137"]
[EventDate "2015.10.03"]
[EventType "swiss"]
[EventRounds "9"]
[EventCountry "IOM"]
[SourceTitle "twic1065-1099"]
[Source "Mark Crowther"]
[SourceDate "2015.12.04"]
[SourceVersion "1"]
[SourceVersionDate "2015.12.04"]
[SourceQuality "1"]

1. d4 Nf6 2. Nf3 e6 3. c4 d5 4. Nc3 c6 5. e3 Nbd7 6. Qc2 Bd6 7. Bd3 O-O 8. O-O
dxc4 9. Bxc4 b5 10. Be2 Qe7 11. Ne4 Nxe4 12. Qxe4 Bb7 13. Rd1 e5 14. dxe5 Nxe5
15. Nxe5 Qxe5 16. Qxe5 Bxe5 17. f4 Bf6 18. e4 Rfe8 19. e5 Bd8 20. Be3 f6 21.
Rd7 fxe5 22. Rxb7 exf4 23. Bd4 Rxe2 24. Rxg7+ Kf8 25. Rxh7 Re4 26. Rd1 a5 27.
Kf1 Re8 28. Rc1 Re4 29. Rh8+ Kf7 30. Bb6 Re8 31. Rxe8 Kxe8 32. Bxd8 Rxd8 33.
Rxc6 Rd2 34. Re6+ Kf7 35. Re2 Rd1+ 36. Kf2 Kf6 37. Rc2 Rd5 38. Kf3 Kf5 39. Rc8
Rd3+ 40. Ke2 Rd5 41. a3 Re5+ 42. Kd2 Ke4 43. Ke2 Kf5+ 44. Kf2 Rd5 45. Rc2 Ke4
46. Re2+ Kf5 47. Ke1 Kg4 48. Rd2 Re5+ 49. Kf2 Kf5 50. Rd4 Kg5 51. b4 axb4 52.
axb4 Kf5 53. h3 Kg5 54. Rd3 Re4 55. Rd5+ Kg6 56. Rxb5 Re3 57. Rb8 Rb3 58. b5
Kg7 59. b6 Kf7 60. b7 Kg7 61. h4 Kh7 62. h5 Kg7 63. Ke2 Kh7 64. Kd2 Kg7 65. Kc2
Rb4 66. Kc3 Rb1 67. Kd4 Rb4+ 68. Ke5 Kh7 69. h6 1-0

[Event "PokerStars Masters 2nd"]
[Site "Douglas"]
[Date "2015.10.07"]
[Round "5.21"]
[White "Hebden, Mark"]
[Black "Swayams, Mishra"]
[Result "0-1"]
[WhiteElo "2490"]
[BlackElo "2444"]
[PlyCount "94"]
[EventDate "2015.10.03"]
[EventType "swiss"]
[EventRounds "9"]
[EventCountry "IOM"]
[SourceTitle "twic1065-1099"]
[Source "Mark Crowther"]
[SourceDate "2015.12.04"]
[SourceVersion "1"]
[SourceVersionDate "2015.12.04"]
[SourceQuality "1"]

1. d4 Nf6 2. Nf3 b6 3. Bg5 Bb7 4. Nbd2 e6 5. e4 h6 6. Bxf6 Qxf6 7. c3 g6 8. Bd3
Bg7 9. O-O O-O 10. a4 a5 11. e5 Qe7 12. Be4 d5 13. exd6 cxd6 14. Bxb7 Qxb7 15.
Nc4 Qc7 16. Na3 Nd7 17. Nb5 Qb8 18. Re1 Nf6 19. Qd2 Nd5 20. h4 Rd8 21. Nh2 Qb7
22. Ng4 Kh7 23. Ne3 Nf6 24. d5 e5 25. Nc4 Nxd5 26. Ncxd6 Qc6 27. g3 Nc7 28.
Rad1 Bf8 29. Nxc7 Rxd6 30. Nd5 Rad8 31. c4 Qxc4 32. Qc3 Qxc3 33. Nxc3 Rxd1 34.
Rxd1 Rxd1+ 35. Nxd1 Bc5 36. Nc3 Bd4 37. Nd5 f5 38. b4 Kg7 39. bxa5 bxa5 40. Ne7
Kf6 41. Nc6 Bb6 42. Kg2 e4 43. f4 exf3+ 44. Kxf3 Ke6 45. Kf4 Kd6 46. Nb8 Kc7
47. h5 gxh5 0-1

[Event "PokerStars Masters 2nd"]
[Site "Douglas"]
[Date "2015.10.07"]
[Round "5.22"]
[White "Dragnev, Valentin"]
[Black "Fridman, Daniel"]
[Result "0-1"]
[WhiteElo "2380"]
[BlackElo "2649"]
[PlyCount "98"]
[EventDate "2015.10.03"]
[EventType "swiss"]
[EventRounds "9"]
[EventCountry "IOM"]
[SourceTitle "twic1065-1099"]
[Source "Mark Crowther"]
[SourceDate "2015.12.04"]
[SourceVersion "1"]
[SourceVersionDate "2015.12.04"]
[SourceQuality "1"]

1. e4 e6 2. d4 d5 3. Nd2 c5 4. exd5 Qxd5 5. dxc5 Nf6 6. Ngf3 Qxc5 7. Bd3 Nbd7
8. O-O Qc7 9. b3 Nc5 10. Bb5+ Bd7 11. Bxd7+ Ncxd7 12. Bb2 Rd8 13. c4 Bd6 14.
Rc1 Nc5 15. Bxf6 gxf6 16. g3 Nd3 17. Rb1 O-O 18. Qe2 Be7 19. Rbd1 Qa5 20. Ne4
Nb4 21. a4 f5 22. Neg5 Bf6 23. Nh3 Nc6 24. Nf4 Qb6 25. Nh5 Bh8 26. Qc2 h6 27.
h3 Nb4 28. Qe2 Nc6 29. Qc2 Nb4 30. Qe2 Qc6 31. Ne5 Qc7 32. f4 Nc6 33. g4 Nxe5
34. fxe5 Rxd1 35. Rxd1 Kh7 36. Rd6 Qc5+ 37. Kf1 Qxe5 38. Qxe5 Bxe5 39. Rd7 Kg6
40. Rxb7 fxg4 41. hxg4 f5 42. Kg2 fxg4 43. Rb5 Bc7 44. Ng3 Rf3 45. Ne4 Re3 46.
Rb7 Be5 47. Nf2 h5 48. b4 Bd4 49. Rd7 e5 0-1

[Event "PokerStars Masters 2nd"]
[Site "Douglas"]
[Date "2015.10.07"]
[Round "5.23"]
[White "Timman, Jan H"]
[Black "Daulyte, Deimante"]
[Result "1-0"]
[WhiteElo "2562"]
[BlackElo "2392"]
[PlyCount "37"]
[EventDate "2015.10.03"]
[EventType "swiss"]
[EventRounds "9"]
[EventCountry "IOM"]
[SourceTitle "twic1065-1099"]
[Source "Mark Crowther"]
[SourceDate "2015.12.04"]
[SourceVersion "1"]
[SourceVersionDate "2015.12.04"]
[SourceQuality "1"]

1. c4 Nf6 2. Nc3 e6 3. d4 Bb4 4. e3 b6 5. Nge2 Ba6 6. Ng3 h5 7. h4 Bb7 8. Bd2
Bd6 9. Rh3 c5 10. d5 Be7 11. e4 d6 12. Bg5 Nbd7 13. Be2 e5 14. Nf5 Bf8 15. f4
g6 16. fxe5 Nxe5 17. Qa4+ Ned7 18. Re3 Be7 19. e5 1-0

[Event "PokerStars Masters 2nd"]
[Site "Douglas"]
[Date "2015.10.07"]
[Round "5.24"]
[White "Gara, Ticia"]
[Black "Arkell, Keith C"]
[Result "1/2-1/2"]
[WhiteElo "2370"]
[BlackElo "2505"]
[PlyCount "96"]
[EventDate "2015.10.03"]
[EventType "swiss"]
[EventRounds "9"]
[EventCountry "IOM"]
[SourceTitle "twic1065-1099"]
[Source "Mark Crowther"]
[SourceDate "2015.12.04"]
[SourceVersion "1"]
[SourceVersionDate "2015.12.04"]
[SourceQuality "1"]

1. e4 c6 2. Nc3 d5 3. Nf3 Bg4 4. h3 Bxf3 5. Qxf3 Nf6 6. g3 dxe4 7. Nxe4 Nxe4 8.
Qxe4 Qd5 9. Qxd5 cxd5 10. Bg2 e6 11. c4 Nc6 12. cxd5 Nb4 13. O-O Nxd5 14. Bxd5
exd5 15. d3 Kd7 16. Be3 b6 17. Rac1 Bd6 18. Bd4 f6 19. Kg2 Rhe8 20. Kf3 Be5 21.
Bxe5 fxe5 22. Rc3 Rac8 23. Rfc1 Rxc3 24. Rxc3 Kd6 25. Ke2 a5 26. Rb3 Kc6 27.
Rc3+ Kd7 28. h4 a4 29. b4 axb3 30. Rxb3 Kc6 31. Ra3 Kb7 32. Ra4 Rc8 33. Kd2 d4
34. f4 exf4 35. gxf4 Rd8 36. Ke2 Kc6 37. Ra7 Re8+ 38. Kf2 Re3 39. Rxg7 Rxd3 40.
Rxh7 Kd5 41. f5 Ke4 42. Rb7 Rf3+ 43. Ke2 Rxf5 44. Rxb6 Ra5 45. Re6+ Kd5 46. Re8
Rxa2+ 47. Kd3 Ra3+ 48. Kd2 Ra2+ 1/2-1/2

[Event "PokerStars Masters 2nd"]
[Site "Douglas"]
[Date "2015.10.07"]
[Round "5.25"]
[White "Shvayger, Yuliya"]
[Black "Gormally, Daniel"]
[Result "1/2-1/2"]
[WhiteElo "2368"]
[BlackElo "2500"]
[PlyCount "82"]
[EventDate "2015.10.03"]
[EventType "swiss"]
[EventRounds "9"]
[EventCountry "IOM"]
[SourceTitle "twic1065-1099"]
[Source "Mark Crowther"]
[SourceDate "2015.12.04"]
[SourceVersion "1"]
[SourceVersionDate "2015.12.04"]
[SourceQuality "1"]

1. e4 c5 2. Nf3 Nc6 3. Bb5 g6 4. Bxc6 dxc6 5. d3 Bg7 6. Nc3 Nf6 7. h3 Nd7 8.
Be3 e5 9. Qd2 h6 10. O-O Qe7 11. Nh2 g5 12. Ne2 Nf8 13. Ng3 Be6 14. Qc3 Nd7 15.
Nh5 Rg8 16. a3 Bf8 17. Rfb1 g4 18. hxg4 Bxg4 19. Nxg4 Rxg4 20. Ng3 Rxg3 21.
fxg3 Nf6 22. b4 Ng4 23. Qd2 Qe6 24. Rf1 Qg6 25. Rf5 O-O-O 26. Bxc5 Bxc5+ 27.
bxc5 f6 28. Rb1 Qe8 29. Qa5 Kb8 30. Rb4 Rd7 31. Rb2 Rg7 32. Rf1 Qd7 33. Rb4 Qc8
34. c3 h5 35. Rb2 Rd7 36. Rf3 Qh8 37. c4 Qh6 38. Qd2 Qf8 39. Qa5 Qh6 40. Qd2
Qf8 41. Qa5 Qh6 1/2-1/2

[Event "PokerStars Masters 2nd"]
[Site "Douglas"]
[Date "2015.10.07"]
[Round "5.26"]
[White "Ansell, Simon"]
[Black "Tarjan, James Edward"]
[Result "1/2-1/2"]
[WhiteElo "2360"]
[BlackElo "2479"]
[PlyCount "83"]
[EventDate "2015.10.03"]
[EventType "swiss"]
[EventRounds "9"]
[EventCountry "IOM"]
[SourceTitle "twic1065-1099"]
[Source "Mark Crowther"]
[SourceDate "2015.12.04"]
[SourceVersion "1"]
[SourceVersionDate "2015.12.04"]
[SourceQuality "1"]

1. e4 e5 2. Nf3 Nc6 3. d4 exd4 4. Nxd4 Nf6 5. Nxc6 bxc6 6. Qe2 Bb4+ 7. c3 Be7
8. e5 Nd5 9. c4 Bb4+ 10. Bd2 Nf4 11. Qe3 Bxd2+ 12. Nxd2 Ne6 13. O-O-O O-O 14.
Ne4 Qe7 15. Bd3 f5 16. exf6 gxf6 17. Rhe1 f5 18. Nc3 Qf6 19. Qg3+ Kh8 20. Re5
Ng7 21. Ra5 d6 22. c5 f4 23. Qf3 d5 24. Bc2 Ne6 25. Ne2 Rb8 26. Qc3 f3 27. gxf3
Qxc3 28. bxc3 Rxf3 29. Rxa7 Bd7 30. Re1 Rxf2 31. Nd4 Nxc5 32. Rxc7 Ra8 33. a4
Rxh2 34. Nxc6 Nxa4 35. Rxd7 Nxc3 36. Ree7 Ne4 37. Rxd5 Nf6 38. Rf5 Ra1+ 39. Kb2
Ra2+ 40. Kxa2 Rxc2+ 41. Kb3 Rxc6 42. Rf7 1/2-1/2

[Event "PokerStars Masters 2nd"]
[Site "Douglas"]
[Date "2015.10.07"]
[Round "5.27"]
[White "Tan, Justin"]
[Black "Zozulia, Anna"]
[Result "1-0"]
[WhiteElo "2445"]
[BlackElo "2335"]
[PlyCount "57"]
[EventDate "2015.10.03"]
[EventType "swiss"]
[EventRounds "9"]
[EventCountry "IOM"]
[SourceTitle "twic1065-1099"]
[Source "Mark Crowther"]
[SourceDate "2015.12.04"]
[SourceVersion "1"]
[SourceVersionDate "2015.12.04"]
[SourceQuality "1"]

1. e4 c5 2. Nf3 Nc6 3. d4 cxd4 4. Nxd4 e5 5. Nb5 d6 6. N1c3 a6 7. Na3 Be6 8.
Nc4 b5 9. Ne3 Nf6 10. Bd3 Be7 11. O-O O-O 12. Ncd5 Nd7 13. c3 Rb8 14. b4 Bg5
15. a4 Qc8 16. axb5 axb5 17. Nf5 Bxf5 18. Bxg5 f6 19. exf5 fxg5 20. Qe2 Qb7 21.
Be4 Nf6 22. Nxf6+ gxf6 23. Qd2 Rfc8 24. Qxd6 Qe7 25. Rfd1 Qxd6 26. Rxd6 Ne7 27.
f3 Rxc3 28. Ra7 Re8 29. Re6 1-0

[Event "PokerStars Masters 2nd"]
[Site "Douglas"]
[Date "2015.10.07"]
[Round "5.28"]
[White "Hamitevici, Vladimir"]
[Black "Gaehwiler, Gabriel"]
[Result "1-0"]
[WhiteElo "2439"]
[BlackElo "2328"]
[PlyCount "117"]
[EventDate "2015.10.03"]
[EventType "swiss"]
[EventRounds "9"]
[EventCountry "IOM"]
[SourceTitle "twic1065-1099"]
[Source "Mark Crowther"]
[SourceDate "2015.12.04"]
[SourceVersion "1"]
[SourceVersionDate "2015.12.04"]
[SourceQuality "1"]

1. g3 Nf6 2. Bg2 d5 3. f4 e6 4. Nf3 c5 5. O-O Nc6 6. d3 Be7 7. Nc3 d4 8. Nb5
O-O 9. Kh1 Nd5 10. c4 dxc3 11. Nxc3 Rb8 12. a3 b6 13. Qa4 Bb7 14. Rd1 Bf6 15.
Nxd5 exd5 16. e4 b5 17. Qc2 Nd4 18. Nxd4 Bxd4 19. Bd2 Re8 20. Bc3 Bxc3 21. bxc3
dxe4 22. dxe4 Qe7 23. e5 a5 24. c4 Bxg2+ 25. Kxg2 bxc4 26. Qxc4 Rb2+ 27. Kh3
Qb7 28. Qd5 Qc8+ 29. Qd7 Qa8 30. Rd5 Rb7 31. Qc6 Qc8+ 32. Qxc8 Rxc8 33. Rc1
Rbc7 34. Rc4 Kf8 35. f5 Ke7 36. Kg2 g6 37. g4 h5 38. h3 hxg4 39. hxg4 gxf5 40.
gxf5 Rd7 41. Rdxc5 Rxc5 42. Rxc5 Rd2+ 43. Kf3 Rd3+ 44. Kf4 Rxa3 45. Rc7+ Ke8
46. Kg5 Rh3 47. Ra7 Kf8 48. Rxa5 Rh1 49. Ra7 Rh2 50. f6 Ke8 51. Ra8+ Kd7 52.
Rf8 Rg2+ 53. Kf4 Ke6 54. Re8+ Kd5 55. Rd8+ Kc5 56. Rf8 Rf2+ 57. Ke3 Rf1 58.
Rxf7 Kd5 59. Re7 1-0

[Event "PokerStars Masters 2nd"]
[Site "Douglas"]
[Date "2015.10.07"]
[Round "5.29"]
[White "Kobo, Ori"]
[Black "Zisman, Philip"]
[Result "1/2-1/2"]
[WhiteElo "2427"]
[BlackElo "2305"]
[PlyCount "89"]
[EventDate "2015.10.03"]
[EventType "swiss"]
[EventRounds "9"]
[EventCountry "IOM"]
[SourceTitle "twic1065-1099"]
[Source "Mark Crowther"]
[SourceDate "2015.12.04"]
[SourceVersion "1"]
[SourceVersionDate "2015.12.04"]
[SourceQuality "1"]

1. e4 e6 2. d4 d5 3. Nc3 dxe4 4. Nxe4 Nf6 5. Nxf6+ Qxf6 6. Nf3 h6 7. Bd3 Nc6 8.
c3 Bd6 9. Nd2 e5 10. Ne4 Qg6 11. Nxd6+ Qxd6 12. dxe5 Qxe5+ 13. Be3 O-O 14. O-O
Bf5 15. Be2 Rad8 16. Qb3 b6 17. Rad1 Ne7 18. Bc4 Be6 19. Bxe6 Qxe6 20. Qxe6
fxe6 21. Rxd8 Rxd8 22. Bf4 c6 23. Re1 Kf7 24. Kf1 Rd5 25. b3 g5 26. Bc1 Ng6 27.
c4 Rd7 28. g3 b5 29. cxb5 cxb5 30. Be3 Ne7 31. Rc1 Nd5 32. Ke2 a5 33. Kf3 Nxe3
34. Kxe3 Rd5 35. Rc7+ Kf6 36. a3 Re5+ 37. Kd3 Rd5+ 38. Ke2 Re5+ 39. Kd2 Rd5+
40. Ke2 Re5+ 41. Kf1 Rd5 42. Ra7 Rd3 43. Rxa5 Rxb3 44. Kg2 b4 45. axb4 1/2-1/2

[Event "PokerStars Masters 2nd"]
[Site "Douglas"]
[Date "2015.10.07"]
[Round "5.30"]
[White "Klein, Felix"]
[Black "Satyapragyan, Swayangsu"]
[Result "1-0"]
[WhiteElo "2306"]
[BlackElo "2416"]
[PlyCount "85"]
[EventDate "2015.10.03"]
[EventType "swiss"]
[EventRounds "9"]
[EventCountry "IOM"]
[SourceTitle "twic1065-1099"]
[Source "Mark Crowther"]
[SourceDate "2015.12.04"]
[SourceVersion "1"]
[SourceVersionDate "2015.12.04"]
[SourceQuality "1"]

1. e4 c5 2. Nf3 e6 3. d4 cxd4 4. Nxd4 Nc6 5. Nc3 Qc7 6. Be3 a6 7. Qd2 Nf6 8.
O-O-O Be7 9. f3 b5 10. Kb1 O-O 11. g4 Nxd4 12. Bxd4 Bb7 13. g5 Nh5 14. h4 b4
15. Na4 Ng3 16. Rg1 Nxf1 17. Rgxf1 Bc6 18. b3 Bb5 19. Rg1 e5 20. Be3 Bxa4 21.
bxa4 Rfc8 22. h5 g6 23. hxg6 hxg6 24. Rh1 Bf8 25. f4 Rab8 26. Qh2 Bg7 27. f5 b3
28. axb3 Qc4 29. Rd3 gxf5 30. exf5 e4 31. f6 Qxc2+ 32. Qxc2 Rxc2 33. fxg7 exd3
34. Rh8+ Kxg7 35. Rxb8 Re2 36. Bd4+ Kg6 37. Rg8+ Kf5 38. Kc1 Ke4 39. Bf6 Ke3
40. Re8+ Kf2 41. Bd4+ Kf1 42. Re3 d2+ 43. Kd1 1-0

[Event "PokerStars Masters 2nd"]
[Site "Douglas"]
[Date "2015.10.07"]
[Round "5.31"]
[White "Nakar, Eylon"]
[Black "Duncan, Christopher R"]
[Result "1-0"]
[WhiteElo "2463"]
[BlackElo "2334"]
[PlyCount "91"]
[EventDate "2015.10.03"]
[EventType "swiss"]
[EventRounds "9"]
[EventCountry "IOM"]
[SourceTitle "twic1065-1099"]
[Source "Mark Crowther"]
[SourceDate "2015.12.04"]
[SourceVersion "1"]
[SourceVersionDate "2015.12.04"]
[SourceQuality "1"]

1. e4 c5 2. Nf3 d6 3. d4 cxd4 4. Nxd4 Nf6 5. Nc3 g6 6. Be3 Bg7 7. Be2 O-O 8.
Qd2 Nc6 9. O-O-O Nxd4 10. Bxd4 Be6 11. Kb1 Qc7 12. f3 Rfc8 13. g4 Qa5 14. a3
Rab8 15. g5 Nh5 16. Bxg7 Kxg7 17. Qe3 Qc5 18. Qd4+ Kg8 19. h4 Nf4 20. Bf1 b5
21. Rh2 a6 22. Rhd2 Rc7 23. Ne2 Nxe2 24. Bxe2 h6 25. f4 hxg5 26. hxg5 Qxd4 27.
Rxd4 Kg7 28. Rh1 Rc5 29. b3 f6 30. gxf6+ Kxf6 31. Kb2 Rbc8 32. Bd3 Rh5 33. Rg1
g5 34. e5+ dxe5 35. fxe5+ Kxe5 36. Re4+ Kf6 37. Rf1+ Bf5 38. Rxf5+ Kxf5 39.
Rc4+ Kf6 40. Rxc8 g4 41. Rg8 Rg5 42. Rxg5 Kxg5 43. Kc3 Kf4 44. Kd4 e5+ 45. Kd5
g3 46. Be4 1-0

[Event "PokerStars Masters 2nd"]
[Site "Douglas"]
[Date "2015.10.07"]
[Round "5.32"]
[White "Cherniaev, Alexander"]
[Black "Tate, Alan"]
[Result "1/2-1/2"]
[WhiteElo "2458"]
[BlackElo "2341"]
[PlyCount "38"]
[EventDate "2015.10.03"]
[EventType "swiss"]
[EventRounds "9"]
[EventCountry "IOM"]
[SourceTitle "twic1065-1099"]
[Source "Mark Crowther"]
[SourceDate "2015.12.04"]
[SourceVersion "1"]
[SourceVersionDate "2015.12.04"]
[SourceQuality "1"]

1. d4 d5 2. Bf4 Nf6 3. e3 c5 4. Nc3 a6 5. dxc5 Qa5 6. Bxb8 Rxb8 7. Qd4 e6 8. b4
Qc7 9. Nf3 b6 10. cxb6 Rxb6 11. a3 Bd6 12. Na4 Rc6 13. c3 e5 14. Qd1 O-O 15.
Be2 Rd8 16. Nd2 d4 17. exd4 exd4 18. cxd4 Bxh2 19. Nc5 Bf5 1/2-1/2

[Event "PokerStars Masters 2nd"]
[Site "Douglas"]
[Date "2015.10.07"]
[Round "5.33"]
[White "Lyell, Mark"]
[Black "Greet, Andrew"]
[Result "1/2-1/2"]
[WhiteElo "2285"]
[BlackElo "2455"]
[PlyCount "196"]
[EventDate "2015.10.03"]
[EventType "swiss"]
[EventRounds "9"]
[EventCountry "IOM"]
[SourceTitle "twic1065-1099"]
[Source "Mark Crowther"]
[SourceDate "2015.12.04"]
[SourceVersion "1"]
[SourceVersionDate "2015.12.04"]
[SourceQuality "1"]

1. e4 e6 2. d4 d5 3. Nc3 Nf6 4. e5 Nfd7 5. f4 c5 6. Nf3 Nc6 7. Be3 a6 8. Qd2 b5
9. a3 Qa5 10. Ra2 Qb6 11. Nd1 a5 12. Nf2 b4 13. dxc5 Bxc5 14. Bxc5 Nxc5 15. Nd4
b3 16. Ra1 Nxd4 17. Qxd4 bxc2 18. Rc1 Bd7 19. Rxc2 Na4 20. Qxb6 Nxb6 21. Kd2
O-O 22. Bd3 f6 23. exf6 Rxf6 24. Nh3 h6 25. Re1 Rb8 26. Rc7 Be8 27. Kc1 Bg6 28.
Bxg6 Rxg6 29. g3 Nc4 30. f5 exf5 31. Nf4 Rg4 32. Re2 Nd6 33. Nxd5 Re4 34. Rxe4
fxe4 35. Rc5 Rf8 36. Ne3 Rf2 37. Rd5 Nf7 38. Rd2 Rf3 39. Nc4 a4 40. Kd1 Rf6 41.
Ke2 Ng5 42. Rd8+ Kh7 43. Ra8 Nf3 44. Rxa4 Nxh2 45. Nd2 e3 46. Kxe3 h5 47. Rf4
Ng4+ 48. Ke2 Rc6 49. Nc4 g5 50. Rd4 Re6+ 51. Kd2 Nh2 52. Rd7+ Kg6 53. Ne3 Nf3+
54. Ke2 Ne5 55. Rd4 Ng4 56. Rxg4 hxg4 57. b4 Kf6 58. a4 Ke5 59. Kd3 Kd6 60.
Nxg4 Re1 61. Kd4 Ra1 62. a5 Kc6 63. Nf2 Kb5 64. Ne4 g4 65. Ke3 Kxb4 66. Kf4
Rxa5 67. Kxg4 Kc4 68. Kf4 Kd5 69. Kf5 Kd4+ 70. Kf4 Ra8 71. Nd6 Kd5 72. Nf5 Ke6
73. g4 Kf6 74. Ng3 Ra4+ 75. Ne4+ Ke6 76. Ke3 Ke5 77. Nf2 Ra3+ 78. Nd3+ Kd5 79.
Kd2 Ke4 80. Nf2+ Kf4 81. Nd3+ Kxg4 82. Ke3 Ra4 83. Ne5+ Kf5 84. Nd3 Re4+ 85.
Kf3 Re8 86. Nf4 Ra8 87. Nd3 Rh8 88. Nf2 Ke5 89. Ke3 Kd5 90. Kd3 Rg8 91. Ne4 Rg1
92. Nc3+ Ke5 93. Ne2 Rd1+ 94. Kc4 Rd2 95. Nc3 Rd4+ 96. Kc5 Rh4 97. Nb5 Rh8 98.
Nd6 Ke6 1/2-1/2